|
|
|
|
| LEADER |
03411nam a22005535i 4500 |
| 001 |
978-3-211-77310-9 |
| 003 |
DE-He213 |
| 005 |
20151125231209.0 |
| 007 |
cr nn 008mamaa |
| 008 |
100301s2008 au | s |||| 0|eng d |
| 020 |
|
|
|a 9783211773109
|9 978-3-211-77310-9
|
| 024 |
7 |
|
|a 10.1007/978-3-211-77310-9
|2 doi
|
| 040 |
|
|
|d GrThAP
|
| 050 |
|
4 |
|a RC475-489.2
|
| 072 |
|
7 |
|a MMJT
|2 bicssc
|
| 072 |
|
7 |
|a MMJ
|2 bicssc
|
| 072 |
|
7 |
|a PSY028000
|2 bisacsh
|
| 072 |
|
7 |
|a PSY009000
|2 bisacsh
|
| 082 |
0 |
4 |
|a 616.8914
|2 23
|
| 245 |
1 |
0 |
|a Psychotherapeutic Diagnostics
|h [electronic resource] :
|b Guidelines for the New Standard /
|c edited by Heinrich Bartuska, Manfred Buchsbaumer, Gerda Mehta, Gerhard Pawlowsky, Stefan Wiesnagrotzki.
|
| 264 |
|
1 |
|a Vienna :
|b Springer Vienna,
|c 2008.
|
| 300 |
|
|
|a XX, 291 p.
|b online resource.
|
| 336 |
|
|
|a text
|b txt
|2 rdacontent
|
| 337 |
|
|
|a computer
|b c
|2 rdamedia
|
| 338 |
|
|
|a online resource
|b cr
|2 rdacarrier
|
| 347 |
|
|
|a text file
|b PDF
|2 rda
|
| 505 |
0 |
|
|a Diagnostic Guideline for Psychotherapists -- Management and Application of Diagnostics from the Different Methodological Perspectives -- Diagnostics in Different Professions -- On the Meaning of the Fundamental Terms -- Psychotherapeutic Status Based on the Diagnostic Guideline for Psychotherapists.
|
| 520 |
|
|
|a into account in particular respect of an intercultural and increasingly g- balized world. For what is experienced as painful, deviant, or troublesome is not only subject to individual perception but also to collective states of - consciousness. The diagnostic process may be understood as a form of translation in so far as a patient’s utterances, be they verbal or nonverbal, are transferred to a new code of understanding, a process every communicator is involved in because, as we all know, there is no such thing as non-communication. If in an empathic relational ? eld we manage to decode a patient’s subjective l- guage including that of her symptoms and distress, a new language will crop up which will ? nally explain the text the patient originally came up with. D- ferent visions entail different actions. At best, translating widens the scope of options of the affected individual and, precedingly, her scope of decisi- making. Just as translating from other languages is judged successful only if the hermeneutic depth dimension of a notion has been embraced and c- veyed, the psychotherapeutic process calls for the same prudence: only if we have grasped most of the meaning and the content may we adequately int- pret psychological occurrences and bestow meaning to them.
|
| 650 |
|
0 |
|a Medicine.
|
| 650 |
|
0 |
|a Psychiatry.
|
| 650 |
|
0 |
|a Psychotherapy.
|
| 650 |
|
0 |
|a Clinical psychology.
|
| 650 |
|
0 |
|a Health psychology.
|
| 650 |
1 |
4 |
|a Medicine & Public Health.
|
| 650 |
2 |
4 |
|a Psychotherapy.
|
| 650 |
2 |
4 |
|a Clinical Psychology.
|
| 650 |
2 |
4 |
|a Health Psychology.
|
| 650 |
2 |
4 |
|a Psychiatry.
|
| 700 |
1 |
|
|a Bartuska, Heinrich.
|e editor.
|
| 700 |
1 |
|
|a Buchsbaumer, Manfred.
|e editor.
|
| 700 |
1 |
|
|a Mehta, Gerda.
|e editor.
|
| 700 |
1 |
|
|a Pawlowsky, Gerhard.
|e editor.
|
| 700 |
1 |
|
|a Wiesnagrotzki, Stefan.
|e editor.
|
| 710 |
2 |
|
|a SpringerLink (Online service)
|
| 773 |
0 |
|
|t Springer eBooks
|
| 776 |
0 |
8 |
|i Printed edition:
|z 9783211773093
|
| 856 |
4 |
0 |
|u http://dx.doi.org/10.1007/978-3-211-77310-9
|z Full Text via HEAL-Link
|
| 912 |
|
|
|a ZDB-2-SME
|
| 950 |
|
|
|a Medicine (Springer-11650)
|